Uprising will emerging markets shape or shake the world economy /

"Emerging markets are big news. But after the financial crisis, what does the future really hold for them? And what does this future mean for global business? George Magnus, one of the world's most respected economic analysts, is your guide through the challenges and opportunities for emer...

Full description

Bibliographic Details
Main Author: Magnus, George.
Corporate Author: ProQuest (Firm)
Format: Electronic eBook
Language:English
Published: Hoboken, N.J. : Wiley, 2010.
Subjects:
Online Access:Click to View
LEADER 02378nam a2200409 a 4500
001 EBC624656
003 MiAaPQ
005 20200520144314.0
006 m o d |
007 cr cn|||||||||
008 100813s2010 njua s 001 0 eng d
010 |z  2010034792 
020 |z 9780470660829 (hbk.) 
020 |a 9780470975329 (electronic bk.) 
035 |a (MiAaPQ)EBC624656 
035 |a (Au-PeEL)EBL624656 
035 |a (CaPaEBR)ebr10469881 
035 |a (CaONFJC)MIL294398 
035 |a (OCoLC)699474916 
040 |a MiAaPQ  |c MiAaPQ  |d MiAaPQ 
043 |a d------ 
050 4 |a HC59.7  |b .M244 2010 
082 0 4 |a 337.09172/4  |2 22 
100 1 |a Magnus, George. 
245 1 0 |a Uprising  |h [electronic resource] :  |b will emerging markets shape or shake the world economy /  |c George Magnus. 
260 |a Hoboken, N.J. :  |b Wiley,  |c 2010. 
300 |a ix, 358 p. :  |b ill. 
500 |a Includes index. 
520 |a "Emerging markets are big news. But after the financial crisis, what does the future really hold for them? And what does this future mean for global business? George Magnus, one of the world's most respected economic analysts, is your guide through the challenges and opportunities for emerging markets and those doing business in them. This magisterial book looks in detail at China and India - the big players - and also less hyped but crucial markets, including Eastern European countries and Turkey. Magnus takes in his sweep everything from commodity prices to climate change, and from comparative advantage to demographic to provide a compelling analysis of what the future might look like - not just for emerging markets, but for investors, businesses and economies everywhere. Uprising is a must-read for anyone who cares about the future of the global economy"--  |c Provided by publisher. 
533 |a Electronic reproduction. Ann Arbor, MI : ProQuest, 2015. Available via World Wide Web. Access may be limited to ProQuest affiliated libraries. 
650 0 |a Economic development  |z Developing countries. 
650 0 |a Investments, Foreign  |z Developing countries. 
651 0 |a Developing countries  |x Economic policy. 
651 0 |a Developing countries  |x Foreign economic relations. 
655 4 |a Electronic books. 
710 2 |a ProQuest (Firm) 
856 4 0 |u https://ebookcentral.proquest.com/lib/matrademy/detail.action?docID=624656  |z Click to View